[Event "Eastern Asia-ch zt 3.3"]
[Site "Ulaanbaatar"]
[Date "2019.04.15"]
[Round "9"]
[White "Lkhagvasuren, Tsedvee"]
[Black "Tenuunbold, Battulga"]
[Result "1-0"]
[WhiteElo "2336"]
[BlackElo "1692"]
[PlyCount "119"]
[EventDate "2019.04.07"]
[EventType "swiss"]
[EventRounds "9"]
[EventCountry "MGL"]
[SourceTitle "CBM 189 Extra"]
[Source "ChessBase"]
[SourceDate "2019.06.03"]
[SourceVersion "1"]
[SourceVersionDate "2019.06.03"]
[SourceQuality "1"]

1. c4 e5 2. Nc3 Nf6 3. Nf3 Nc6 4. g3 d5 5. cxd5 Nxd5 6. Bg2 Nb6 7. 0-0 Be7 8. a3 g5 9. d4 exd4 10. Nb5 Bf6 11. Bxg5 Bxg5 12. Nxg5 a6 13. Bxc6+ bxc6 14. Qxd4 Qxd4 15. Nxd4 c5 16. Nb3 c4 17. Nc5 f6 18. Nge4 Ke7 19. Rfd1 Bf5 20. Nc3 c6 21. f3 Rhd8 22. e4 Be6 23. Kf2 Nd7 24. Nxd7 Bxd7 25. Rd2 Rdb8 26. Ne2 Rb6 27. Rc1 Rab8 28. Rcc2 c5 29. Nc3 Bc6 30. g4 Ke6 31. Ke3 Rb3 32. Kf4 h5 33. h3 h4 34. Nd1 Rd3 35. Rxd3 cxd3 36. Rxc5 Ba4 37. Nc3 Bb3 38. Ke3 Bc2 39. b4 Rd8 40. Nd5 Rd6 41. Rc7 Rd8 42. Rc6+ Rd6 43. Rxd6+ Kxd6 44. Nxf6 Bd1 45. f4 Be2 46. e5+ Ke6 47. Ne4 Bf1 48. Nf2 Kf7 49. f5 Kg7 50. a4 Kf7 51. b5 axb5 52. axb5 d2 53. b6 Bg2 54. Kxd2 Ke7 55. Ke3 Kd7 56. Kf4 Kc6 57. g5 Kxb6 58. g6 Bd5 59. e6 Kc6 60. g7 1-0

[Event "Eastern Asia-ch zt 3.3"]
[Site "Ulaanbaatar"]
[Date "2019.04.09"]
[Round "3"]
[White "Amilal, Munkhdalai"]
[Black "Lkhagvasuren, Tsedvee"]
[Result "0-1"]
[WhiteElo "2042"]
[BlackElo "2336"]
[PlyCount "80"]
[EventDate "2019.04.07"]
[EventType "swiss"]
[EventRounds "9"]
[EventCountry "MGL"]
[SourceTitle "CBM 189 Extra"]
[Source "ChessBase"]
[SourceDate "2019.06.03"]
[SourceVersion "1"]
[SourceVersionDate "2019.06.03"]
[SourceQuality "1"]

1. e4 e5 2. Nf3 Nc6 3. Bb5 a6 4. Ba4 Nf6 5. d3 d6 6. 0-0 b5 7. Bb3 Na5 8. Bd2 Nxb3 9. axb3 Be7 10. c4 Rb8 11. Qc2 c5 12. Nc3 h6 13. Nd5 Nxd5 14. cxd5 Bb7 15. b4 cxb4 16. Bxb4 Rc8 17. Qd2 f5 18. Rfc1 0-0 19. Rxc8 Bxc8 20. Qc3 fxe4 21. dxe4 Bg4 22. Rxa6 Bxf3 23. gxf3 Qd7 24. Kf1 Qh3+ 25. Ke2 Rf6 26. Rb6 Kh7 27. Rb7 Bf8 28. Rxb5 Qxh2 29. Rb8 h5 30. Re8 Qg2 31. Re6 Rf7 32. Bxd6 Bxd6 33. Rxd6 h4 34. Rc6 h3 35. Qxe5 Qxf3+ 36. Kd2 Qxf2+ 37. Kc3 Qh4 38. Qe6 Rf6 39. Qe8 h2 40. Rc8 h1Q 0-1

[Event "Eastern Asia-ch zt 3.3"]
[Site "Ulaanbaatar"]
[Date "2019.04.07"]
[Round "1"]
[White "Batsuren, Dambasuren"]
[Black "Lkhagvasuren, Tsedvee"]
[Result "1/2-1/2"]
[WhiteElo "2444"]
[BlackElo "2336"]
[PlyCount "94"]
[EventDate "2019.04.07"]
[EventType "swiss"]
[EventRounds "9"]
[EventCountry "MGL"]
[SourceTitle "CBM 189 Extra"]
[Source "ChessBase"]
[SourceDate "2019.06.03"]
[SourceVersion "1"]
[SourceVersionDate "2019.06.03"]
[SourceQuality "1"]

1. d4 Nf6 2. c4 e6 3. Nc3 Bb4 4. Qc2 0-0 5. a3 Bxc3+ 6. Qxc3 b6 7. Bg5 Bb7 8. f3 h6 9. Bh4 d5 10. e3 Re8 11. Bd3 Nbd7 12. cxd5 exd5 13. Ne2 Qe7 14. Bf2 c5 15. 0-0 Rac8 16. Rad1 cxd4 17. Qxd4 Nc5 18. Bb5 Red8 19. Nc3 Ne6 20. Qe5 Rc5 21. b4 Qc7 22. Qxc7 Rxc7 23. Ne2 Bc6 24. Bd3 Ba4 25. Rd2 Ne4 26. Bxe4 dxe4 27. Rxd8+ Nxd8 28. Rc1 Rxc1+ 29. Nxc1 Bc6 30. fxe4 Bxe4 31. Ne2 f5 32. Nc3 Kf7 33. g4 g6 34. gxf5 gxf5 35. Bg3 Bd3 36. Kg2 Ne6 37. Bf4 h5 38. Kg3 Bc4 39. Bb8 a6 40. Ba7 b5 41. Bb8 Kf6 42. Bf4 Nf8 43. Kh4 Bf7 44. Ne2 Ng6+ 45. Kg3 Ne7 46. Nc3 Nd5 47. Nxd5+ Bxd5 1/2-1/2

[Event "Ulaanbaatar Chinggis 4th"]
[Site "Ulaanbaatar"]
[Date "2018.08.14"]
[Round "7"]
[White "Lkhagvasuren, Tsedvee"]
[Black "Bilguun, Sumiya"]
[Result "1-0"]
[WhiteElo "2280"]
[BlackElo "2479"]
[PlyCount "211"]
[EventDate "2018.08.08"]
[EventType "tourn"]
[EventRounds "9"]
[EventCountry "MGL"]
[EventCategory "13"]
[SourceTitle "CBM 186"]
[Source "ChessBase"]
[SourceDate "2018.09.14"]
[SourceVersion "1"]
[SourceVersionDate "2018.09.14"]
[SourceQuality "1"]

1. d4 d5 2. c4 e6 3. Nc3 c6 4. e3 Nf6 5. Nf3 Nbd7 6. a3 Bd6 7. Be2 0-0 8. 0-0 Qe7 9. Qc2 dxc4 10. Bxc4 e5 11. dxe5 Nxe5 12. Nxe5 Bxe5 13. f4 Bc7 14. Kh1 Ng4 15. Nd1 g6 16. h3 Bf5 17. Qc3 Nf6 18. Nf2 Ne4 19. Nxe4 Qxe4 20. Kh2 Rad8 21. b4 Qc2 22. Bb2 Qxc3 23. Bxc3 Bd3 24. Bxd3 Rxd3 25. Bd4 Rd8 26. Rf3 f5 27. a4 Bb6 28. Bxb6 axb6 29. a5 Rb3 30. e4 Rxf3 31. gxf3 fxe4 32. fxe4 Rd4 33. b5 cxb5 34. axb6 Rxe4 35. Ra5 b4 36. Kg3 Kf7 37. h4 Re3+ 38. Kf2 Rh3 39. Ra7 Rc3 40. Rxb7+ Ke6 41. Re7+ Kxe7 42. b7 Rc2+ 43. Ke3 b3 44. b8Q b2 45. Qb4+ Kf6 46. h5 Rh2 47. h6 Rxh6 48. Qxb2+ Kf7 49. Qb7+ Kg8 50. Qc8+ Kg7 51. Qd7+ Kg8 52. Qe6+ Kg7 53. Qe7+ Kg8 54. f5 gxf5 55. Kf4 Rh2 56. Kg5 f4 57. Qd8+ Kg7 58. Qf6+ Kg8 59. Qxf4 Rg2+ 60. Kf6 Rg6+ 61. Kf5 Kg7 62. Qh4 Kh8 63. Qe7 Kg8 64. Qd7 Rh6 65. Qe8+ Kg7 66. Qe7+ Kg8 67. Kg5 Rg6+ 68. Kh5 Ra6 69. Qd8+ Kf7 70. Qc7+ Kf6 71. Kh6 Re6 72. Qf4+ Ke7+ 73. Kxh7 Rf6 74. Qc7+ Ke6 75. Kg7 Rf5 76. Qc6+ Ke5 77. Kg6 Rf4 78. Qc5+ Ke4 79. Kg5 Rf3 80. Qc4+ Ke3 81. Kg4 Rf2 82. Qc5+ Ke2 83. Kg3 Rf3+ 84. Kg2 Rd3 85. Qf2+ Kd1 86. Kf1 Rd2 87. Qf3+ Kc2 88. Ke1 Rd4 89. Qe3 Rc4 90. Ke2 Kb2 91. Kd1 Rb4 92. Kd2 Ka2 93. Qe6+ Kb2 94. Qd5 Rb3 95. Qd4+ Kb1 96. Kd1 Rb2 97. Qd3+ Ka2 98. Kc1 Rb4 99. Qd5+ Ka3 100. Kc2 Rc4+ 101. Kd3 Rc8 102. Qb7 Rc1 103. Qb5 Rf1 104. Qc5+ Kb3 105. Kd2 Rb1 106. Qc2+ 1-0

[Event "MGL-ch 55th"]
[Site "Ulaanbaatar"]
[Date "2015.04.21"]
[Round "6"]
[White "Lkhagvasuren, Tsedvee"]
[Black "Bilguun, Sumiya"]
[Result "0-1"]
[WhiteElo "2261"]
[BlackElo "2362"]
[PlyCount "80"]
[EventDate "2015.04.18"]
[EventType "tourn"]
[EventRounds "13"]
[EventCountry "MGL"]
[EventCategory "3"]
[SourceTitle "CBM 166 Extra"]
[Source "ChessBase"]
[SourceDate "2015.06.18"]
[SourceVersion "1"]
[SourceVersionDate "2015.06.18"]
[SourceQuality "1"]

1. c4 e5 2. Nc3 Nf6 3. Nf3 Nc6 4. g3 Bc5 5. Bg2 0-0 6. 0-0 Re8 7. d3 Bf8 8. e4 d6 9. h3 g6 10. Be3 Bg7 11. Qd2 Be6 12. Bh6 Bxh6 13. Qxh6 Qe7 14. Rae1 Qf8 15. Qd2 Qg7 16. Nd5 Rac8 17. Qc3 Nd7 18. b4 b6 19. Nd2 Nd4 20. Nb3 c6 21. Ne3 b5 22. c5 Bxb3 23. axb3 dxc5 24. bxc5 Qf8 25. b4 a5 26. f4 axb4 27. Qxb4 Qxc5 28. Qxc5 Nxc5 29. Ng4 Nd7 30. fxe5 Kg7 31. Ra1 Rc7 32. Kf2 Nxe5 33. Nxe5 Rxe5 34. Ra2 Re8 35. Ke3 c5 36. Rb1 f5 37. Ra6 fxe4 38. Bxe4 Rf7 39. g4 Rf3+ 40. Kd2 Rf2+ 0-1

[Event "MGL-ch 55th"]
[Site "Ulaanbaatar"]
[Date "2015.04.19"]
[Round "2"]
[White "Lkhagvasuren, Tsedvee"]
[Black "Galmandakh, Badrakh"]
[Result "1/2-1/2"]
[WhiteElo "2261"]
[BlackElo "2328"]
[PlyCount "68"]
[EventDate "2015.04.18"]
[EventType "tourn"]
[EventRounds "13"]
[EventCountry "MGL"]
[EventCategory "3"]
[SourceTitle "CBM 166 Extra"]
[Source "ChessBase"]
[SourceDate "2015.06.18"]
[SourceVersion "1"]
[SourceVersionDate "2015.06.18"]
[SourceQuality "1"]

1. c4 e6 2. Nc3 f5 3. d4 Nf6 4. g3 Be7 5. Bg2 d5 6. Nf3 Ne4 7. Qb3 c6 8. Ne5 Nd7 9. Nxd7 Qxd7 10. Bf4 Bf6 11. Rd1 b6 12. Be5 Ba6 13. cxd5 exd5 14. Bxf6 Nxf6 15. Qa3 Bb7 16. 0-0 Qe7 17. Qxe7+ Kxe7 18. Rc1 Kd6 19. Rc2 Rac8 20. Rfc1 Ba6 21. b3 Rhe8 22. e3 Ne4 23. Bh3 g6 24. Nxe4+ dxe4 25. a4 Bd3 26. Rc3 a5 27. Bf1 Bxf1 28. Kxf1 Re7 29. Rc4 c5 30. Ke2 Rec7 31. Kd2 Ke6 32. Ke2 Kd6 33. Kd2 Ke6 34. Ke2 Kd6 1/2-1/2

[Event "Wch U18"]
[Site "Al Ain"]
[Date "2013.12.23"]
[Round "8"]
[White "Doluweera, Dinul Thisura"]
[Black "Lkhagvasuren, Tsedvee"]
[Result "0-1"]
[WhiteElo "1803"]
[BlackElo "2292"]
[PlyCount "74"]
[EventDate "2013.12.18"]
[EventType "swiss"]
[EventRounds "11"]
[EventCountry "UAE"]
[SourceTitle "CBM 158 Extra"]
[Source "ChessBase"]
[SourceDate "2014.02.28"]
[SourceVersion "1"]
[SourceVersionDate "2014.02.28"]
[SourceQuality "1"]

1. d4 Nf6 2. c4 e6 3. Nc3 Bb4 4. f3 d5 5. a3 Be7 6. e4 dxe4 7. fxe4 e5 8. d5 Bc5 9. Qd3 Ng4 10. Nh3 0-0 11. Be2 f5 12. Bg5 Be7 13. Bxe7 Qxe7 14. 0-0-0 f4 15. Bf3 Ne3 16. Rd2 Qc5 17. Nd1 b5 18. b4 Qxc4+ 19. Kb1 Qxd3+ 20. Rxd3 Nc4 21. Nb2 c6 22. Nxc4 bxc4 23. Rc3 cxd5 24. exd5 Bf5+ 25. Kb2 e4 26. Be2 f3 27. gxf3 Bxh3 28. fxe4 Bg2 29. Re1 Nd7 30. Bxc4 Ne5 31. d6+ Kh8 32. Ba6 Rad8 33. Rd1 Bf3 34. Rd4 Bg4 35. Rd5 Nd7 36. Rg5 Be6 37. Rcg3 g6 0-1

[Event "Wch U18"]
[Site "Al Ain"]
[Date "2013.12.22"]
[Round "6"]
[White "Atanasov, Anatoli"]
[Black "Lkhagvasuren, Tsedvee"]
[Result "1-0"]
[WhiteElo "2041"]
[BlackElo "2292"]
[PlyCount "171"]
[EventDate "2013.12.18"]
[EventType "swiss"]
[EventRounds "11"]
[EventCountry "UAE"]
[SourceTitle "CBM 158 Extra"]
[Source "ChessBase"]
[SourceDate "2014.02.28"]
[SourceVersion "1"]
[SourceVersionDate "2014.02.28"]
[SourceQuality "1"]

1. d4 Nf6 2. c4 e6 3. Nf3 b6 4. g3 Ba6 5. b3 Bb7 6. Bg2 Bb4+ 7. Bd2 c5 8. Bxb4 cxb4 9. Nbd2 0-0 10. 0-0 d6 11. Re1 Nbd7 12. Ng5 Bxg2 13. Kxg2 Qc7 14. e4 e5 15. Ngf3 Rfe8 16. a3 bxa3 17. Rxa3 Qb7 18. d5 a5 19. Ng1 Nc5 20. f3 b5 21. cxb5 Qxb5 22. Nc4 Ra6 23. Ne2 Rea8 24. Qc2 Ne8 25. Nc3 Qb4 26. Rea1 Nb7 27. Ra4 Qc5 28. b4 Qxc4 29. b5 Qc8 30. bxa6 Rxa6 31. R4a2 Qd7 32. Na4 Nd8 33. Rc1 f5 34. Qc8 Ra7 35. Qxd7 Rxd7 36. Nb6 Rb7 37. Rc8 Rxb6 38. Rxd8 Kf7 39. Rxa5 Nf6 40. exf5 Rb7 41. Rxd6 e4 42. Rxf6+ Kxf6 43. fxe4 Ke5 44. Ra4 Rb2+ 45. Kh3 g6 46. fxg6 hxg6 47. Ra6 Kxe4 48. Rxg6 Kxd5 49. Rf6 Ke5 50. Rf1 Ke6 51. g4 Rc2 52. Kg3 Rb2 53. h4 Rb3+ 54. Rf3 Rb1 55. g5 Rg1+ 56. Kf4 Kf7 57. Rb3 Kg7 58. Kf5 Rf1+ 59. Kg4 Rf7 60. h5 Ra7 61. h6+ Kh7 62. Kh5 Ra5 63. Rb7+ Kg8 64. Rb6 Kh7 65. Re6 Rb5 66. Re7+ Kg8 67. Kg6 Rb6+ 68. Kf5 Rb5+ 69. Re5 Rb1 70. g6 Rf1+ 71. Kg5 Rg1+ 72. Kf6 Rf1+ 73. Rf5 Rg1 74. Ra5 Rf1+ 75. Ke5 Re1+ 76. Kf4 Rf1+ 77. Ke3 Re1+ 78. Kf2 Re8 79. Ra7 Kh8 80. Kf3 Rb8 81. Re7 Rb3+ 82. Kf4 Rb4+ 83. Kf5 Rb5+ 84. Kf6 Rb8 85. Rd7 Kg8 86. Ke7 1-0

[Event "World School-ch U17 9th"]
[Site "Porto Carras"]
[Date "2013.05.08"]
[Round "2"]
[White "Shabanov, Nurlan Mammad"]
[Black "Lkhagvasuren, Tsedvee"]
[Result "0-1"]
[WhiteElo "2141"]
[BlackElo "2272"]
[PlyCount "90"]
[EventDate "2013.05.07"]
[EventType "swiss"]
[EventRounds "9"]
[EventCountry "GRE"]
[SourceTitle "CBM 154 Extra"]
[Source "ChessBase"]
[SourceDate "2013.06.25"]
[SourceVersion "2"]
[SourceVersionDate "2013.06.25"]
[SourceQuality "1"]

1. d4 Nf6 2. c4 e6 3. Nc3 Bb4 4. g3 c5 5. Nf3 Ne4 6. Qd3 Qa5 7. Qxe4 Bxc3+ 8. Bd2 Bxd2+ 9. Nxd2 0-0 10. dxc5 Qxc5 11. Bg2 Rd8 12. Qh4 Qf8 13. 0-0 Nc6 14. Rfd1 d6 15. Nb3 e5 16. Rac1 Be6 17. Bd5 Qe8 18. Rd2 Rac8 19. a3 Bxd5 20. cxd5 Ne7 21. Qb4 Rxc1+ 22. Nxc1 Rc8 23. Na2 Qd7 24. Nc3 b6 25. Kg2 f5 26. e4 fxe4 27. Nxe4 Nf5 28. Rd3 Rd8 29. Qd2 Nd4 30. f3 h6 31. Qb4 Qf5 32. Rc3 Qf7 33. Nxd6 Qxd5 34. Ne4 Rf8 35. Qe7 Rxf3 36. Rxf3 Qxe4 37. Qf7+ Kh7 38. g4 a5 39. h4 Nxf3 40. Qxf3 Qxf3+ 41. Kxf3 Kg6 42. Ke4 Kf6 43. b4 Ke6 44. h5 axb4 45. axb4 b5 0-1

[Event "MGL-ch 53rd"]
[Site "Ulaanbaatar"]
[Date "2013.04.07"]
[Round "3"]
[White "Lkhagvasuren, Tsedvee"]
[Black "Bayarkhuu, Hurelchuluun"]
[Result "1/2-1/2"]
[WhiteElo "2275"]
[BlackElo "1908"]
[PlyCount "172"]
[EventDate "2013.04.06"]
[EventType "tourn"]
[EventRounds "13"]
[EventCountry "MGL"]
[EventCategory "3"]
[SourceTitle "CBM 153 Extra"]
[Source "ChessBase"]
[SourceDate "2013.04.22"]
[SourceVersion "1"]
[SourceVersionDate "2013.04.22"]
[SourceQuality "1"]

1. c4 c6 2. e4 d5 3. exd5 cxd5 4. d4 Nf6 5. Nc3 Nc6 6. Bg5 dxc4 7. d5 Ne5 8. Qd4 Nd3+ 9. Bxd3 cxd3 10. Qxd3 g6 11. Bxf6 exf6 12. Nf3 Be7 13. Rd1 Bd6 14. 0-0 0-0 15. Qd4 Bf5 16. h3 Qb6 17. g4 Bd7 18. Ne4 Qxd4 19. Nxd4 Be7 20. d6 Bd8 21. Nc5 Bc6 22. Nxc6 bxc6 23. Rfe1 Ba5 24. Re7 Bb6 25. Nd7 Rfd8 26. Nxf6+ Kg7 27. Nd7 Re8 28. Rde1 Red8 29. g5 Bd4 30. Rd1 Bxb2 31. Nc5 Kf8 32. Rc7 Ba3 33. Nb7 Rdb8 34. d7 Be7 35. Re1 Bxg5 36. Nd6 Rd8 37. Rc8 Kg7 38. Rxa8 Rxa8 39. Nc8 Rb8 40. Re8 Rb1+ 41. Kg2 Rd1 42. Nxa7 c5 43. Re5 Bf6 44. Rxc5 Rxd7 45. Nc6 Rd2 46. Nb4 Be7 47. Rc4 Rb2 48. Nd5 Bd6 49. a4 Be5 50. Ne7 Ra2 51. Nd5 f5 52. Nb6 Kh6 53. Nd7 Bd6 54. Nf6 Be5 55. Nd7 Bd6 56. Nf6 Be5 57. Nd7 Bg7 58. Nc5 Bf6 59. Nb7 Rb2 60. Nd6 Kh5 61. Ne8 Be5 62. Nc7 Ra2 63. Nd5 Rd2 64. Ne3 Bf6 65. Nf1 Ra2 66. Ng3+ Kh6 67. Rc6 Kg7 68. Rc7+ Kg8 69. Rc4 Be5 70. Nf1 Kg7 71. Ne3 Kf6 72. Nd5+ Kg5 73. Nc7 Rd2 74. a5 f4 75. a6 Rd3 76. h4+ Kf5 77. Rc5 f3+ 78. Kh3 Ra3 79. Nb5 Ra1 80. Nd6+ Ke6 81. Ne4 h5 82. Ng5+ Kd6 83. Ne4+ Ke6 84. Ng5+ Kd6 85. Ne4+ Ke6 86. Ng5+ Kd6 1/2-1/2

[Event "MGL-ch 53rd"]
[Site "Ulaanbaatar"]
[Date "2013.04.06"]
[Round "2"]
[White "Khatanbaatar, Bazar"]
[Black "Lkhagvasuren, Tsedvee"]
[Result "0-1"]
[WhiteElo "2354"]
[BlackElo "2275"]
[PlyCount "76"]
[EventDate "2013.04.06"]
[EventType "tourn"]
[EventRounds "13"]
[EventCountry "MGL"]
[EventCategory "3"]
[SourceTitle "CBM 153 Extra"]
[Source "ChessBase"]
[SourceDate "2013.04.22"]
[SourceVersion "1"]
[SourceVersionDate "2013.04.22"]
[SourceQuality "1"]

1. e4 e5 2. Nf3 Nf6 3. Nxe5 d6 4. Nf3 Nxe4 5. Nc3 Nf6 6. d4 Be7 7. Bd3 0-0 8. h3 Nc6 9. a3 d5 10. 0-0 Re8 11. Re1 Be6 12. Bb5 Bd7 13. Ne5 a6 14. Bxc6 Bxc6 15. Qf3 Bd6 16. Bg5 h6 17. Nxc6 Rxe1+ 18. Rxe1 bxc6 19. Bh4 Rb8 20. Na4 g5 21. Bg3 Ne4 22. Bxd6 cxd6 23. b3 Kg7 24. Re3 Qa5 25. Qd1 Rb7 26. f3 Ng3 27. Kf2 Nf5 28. Rc3 Qd8 29. Rxc6 g4 30. g3 gxh3 31. f4 Qf6 32. Rc3 Re7 33. Rd3 Qe6 34. Kg1 Ne3 35. Qe2 Ng4 36. Qf1 Qe1 37. Rf3 Qd2 38. Qxh3 Re1+ 0-1

[Event "Wch U16"]
[Site "Maribor"]
[Date "2012.11.09"]
[Round "2.17"]
[White "Lkhagvasuren, Tsedvee"]
[Black "Daskalov, Dimitar"]
[Result "1/2-1/2"]
[WhiteElo "2302"]
[BlackElo "2106"]
[PlyCount "76"]
[EventDate "2012.11.08"]
[EventType "swiss"]
[EventRounds "11"]
[EventCountry "SLO"]
[SourceTitle "EXT 2013"]
[Source "ChessBase"]
[SourceDate "2012.11.22"]
[SourceVersion "1"]
[SourceVersionDate "2012.11.22"]
[SourceQuality "1"]

1. c4 Nf6 2. Nc3 g6 3. g3 Bg7 4. Bg2 0-0 5. Nf3 d6 6. 0-0 e5 7. d3 c6 8. Bg5 h6 9. Bd2 Be6 10. Qc1 Kh7 11. c5 Qc7 12. cxd6 Qxd6 13. Ne4 Nxe4 14. dxe4 Na6 15. Bc3 Rad8 16. b3 b6 17. Rd1 Qc7 18. Qb2 f6 19. Ne1 Rxd1 20. Rxd1 Rd8 21. Rxd8 Qxd8 22. Nd3 Nc5 23. Nxc5 Qd1+ 24. Bf1 bxc5 25. f3 c4 26. b4 a6 27. Qd2 Qxd2 28. Bxd2 Bf8 29. e3 c5 30. bxc5 Bxc5 31. Kf2 Kg7 32. Ke1 Kf7 33. Kd1 Ke8 34. Kc2 Bb6 35. Kc3 Ba5+ 36. Kc2 Bb6 37. Kc3 Ba5+ 38. Kc2 Bb6 1/2-1/2

[Event "World School-ch U17 8th"]
[Site "Iasi"]
[Date "2012.05.03"]
[Round "6"]
[White "Lkhagvasuren, Tsedvee"]
[Black "Talipov, Nafis"]
[Result "1-0"]
[WhiteElo "2219"]
[BlackElo "2160"]
[PlyCount "107"]
[EventDate "2012.04.28"]
[EventType "swiss"]
[EventRounds "9"]
[EventCountry "ROU"]
[SourceTitle "EXT 2013"]
[Source "ChessBase"]
[SourceDate "2012.11.22"]
[SourceVersion "1"]
[SourceVersionDate "2012.11.22"]
[SourceQuality "1"]

1. c4 e5 2. Nc3 Nc6 3. g3 d6 4. Bg2 Be6 5. Nd5 g6 6. b4 Qd7 7. b5 Nd8 8. Qa4 Bg7 9. Bb2 Ne7 10. Nxe7 Qxe7 11. b6+ Bd7 12. Qxa7 Rc8 13. bxc7 Rxc7 14. Rc1 0-0 15. Nf3 Be6 16. Qa4 Bd7 17. Qb3 Ne6 18. 0-0 Ra8 19. a3 Nc5 20. Qe3 Na4 21. Ba1 Rac8 22. d4 e4 23. Rb1 Qf8 24. Ne1 f5 25. f3 exf3 26. Bxf3 b6 27. Bd5+ Kh8 28. Nf3 Re8 29. Qd3 Qe7 30. Rfe1 Qe3+ 31. Qxe3 Rxe3 32. Ng5 Bf6 33. Nf7+ Kg7 34. Nxd6 Rxa3 35. Red1 Be7 36. Nb5 Bxb5 37. Rxb5 Bf6 38. Kf1 Re7 39. Rdb1 g5 40. R5b3 Ra2 41. c5 Raxe2 42. Bf3 Ra2 43. c6 g4 44. Bd5 Rxh2 45. Bg2 Rh6 46. Ra3 f4 47. gxf4 Ra7 48. Rb4 b5 49. Rxb5 Be7 50. Ra2 Bd6 51. d5+ Kf7 52. Be5 Ke7 53. Rb7+ Rxb7 54. cxb7 1-0

[Event "MGL-ch 52nd"]
[Site "Arvaikheer"]
[Date "2012.04.09"]
[Round "14"]
[White "Bayarmandakh, Balgan"]
[Black "Lkhagvasuren, Tsedvee"]
[Result "0-1"]
[WhiteElo "2295"]
[BlackElo "2089"]
[PlyCount "152"]
[EventDate "2012.04.01"]
[EventType "tourn"]
[EventRounds "15"]
[EventCountry "MGL"]
[EventCategory "3"]
[SourceTitle "EXT 2013"]
[Source "ChessBase"]
[SourceDate "2012.11.22"]
[SourceVersion "1"]
[SourceVersionDate "2012.11.22"]
[SourceQuality "1"]

1. d4 Nf6 2. c4 e6 3. Nc3 Bb4 4. e3 0-0 5. Bd3 d5 6. cxd5 exd5 7. Nge2 Re8 8. 0-0 c6 9. Ng3 Nbd7 10. Bd2 Nf8 11. Qc2 Bd6 12. Rab1 Ng4 13. Nce2 h5 14. h3 h4 15. Nf5 Bxf5 16. Bxf5 Nf6 17. Nc3 Qe7 18. Rfe1 Ne6 19. f4 c5 20. Nb5 cxd4 21. exd4 Qd7 22. Qd3 a6 23. Nxd6 Qxd6 24. Re5 Nd7 25. Bh7+ Kh8 26. Rh5 Nf6 27. Rxh4 Nf8 28. Bf5+ Kg8 29. Qf3 Re4 30. Bxe4 dxe4 31. Qf2 Ng6 32. Rg4 Nxg4 33. hxg4 Rd8 34. Be3 Ne7 35. Qc2 Nd5 36. Qxe4 Nxe3 37. Qxe3 Qxd4 38. Kf2 Qc4 39. Re1 Qxa2 40. Re2 Qd5 41. g5 Qd4 42. Kf3 g6 43. g4 Qd5+ 44. Qe4 Qd3+ 45. Qxd3 Rxd3+ 46. Kg2 Rb3 47. f5 gxf5 48. gxf5 Kg7 49. g6 fxg6 50. fxg6 Kxg6 51. Kf2 Kf6 52. Ke1 Rd3 53. Re4 Rd5 54. Rb4 b5 55. Rh4 Rd6 56. Ke2 Ke7 57. Ke3 Kd7 58. b4 Kc7 59. Rd4 Rc6 60. Kd3 Kb6 61. Rd8 Rc4 62. Rd6+ Kb7 63. Rd4 Rc1 64. Kd2 Rc6 65. Kd3 a5 66. bxa5 Ka6 67. Kd2 Kxa5 68. Kd1 b4 69. Rd8 Ka4 70. Rb8 Ka3 71. Rb7 b3 72. Ra7+ Kb2 73. Rd7 Kb1 74. Rd8 b2 75. Kd2 Ra6 76. Rb8 Ka1 0-1

[Event "MGL-ch 52nd"]
[Site "Arvaikheer"]
[Date "2012.04.09"]
[Round "13"]
[White "Munkhgal, Gombosuren"]
[Black "Lkhagvasuren, Tsedvee"]
[Result "1/2-1/2"]
[WhiteElo "2365"]
[BlackElo "2089"]
[PlyCount "216"]
[EventDate "2012.04.01"]
[EventType "tourn"]
[EventRounds "15"]
[EventCountry "MGL"]
[EventCategory "3"]
[SourceTitle "EXT 2013"]
[Source "ChessBase"]
[SourceDate "2012.11.22"]
[SourceVersion "1"]
[SourceVersionDate "2012.11.22"]
[SourceQuality "1"]

1. d4 Nf6 2. c4 e6 3. g3 Bb4+ 4. Bd2 Bxd2+ 5. Qxd2 d5 6. Bg2 c6 7. Nf3 Nbd7 8. Qc2 b6 9. Nbd2 Bb7 10. e4 dxe4 11. Nxe4 Nxe4 12. Qxe4 Rb8 13. Qe3 0-0 14. 0-0 Qc7 15. c5 Rfe8 16. Rfe1 h6 17. Ne5 Nxe5 18. dxe5 Red8 19. Rad1 bxc5 20. Qxc5 Qb6 21. b4 Qxc5 22. bxc5 Ba8 23. Rd6 Kf8 24. Rc1 Rdc8 25. Rd7 Rb7 26. Rcd1 Ke8 27. Rxb7 Bxb7 28. Rd6 Ke7 29. h4 Rc7 30. Be4 Rc8 31. Kg2 Rc7 32. f4 Rc8 33. Kf3 Ba8 34. g4 a5 35. f5 Rc7 36. Ke3 Bb7 37. Kf4 Ba8 38. a3 Bb7 39. Bf3 Rc8 40. Be4 Rc7 41. g5 hxg5+ 42. hxg5 exf5 43. Bxf5 Bc8 44. Bxc8 Rxc8 45. e6 f6 46. g6 Rc7 47. Kf5 Ke8 48. Rd4 Rb7 49. Rd6 Rc7 50. a4 Ke7 51. Rd1 Rb7 52. Rd2 Ke8 53. Rd4 Ke7 54. Rd2 Ke8 55. Rd6 Rc7 56. Rd1 Rb7 57. Rh1 Rb2 58. Rh7 Rf2+ 59. Ke4 Re2+ 60. Kd3 Rxe6 61. Rxg7 Re5 62. Rg8+ Ke7 63. Rc8 Rg5 64. Rxc6 Kd7 65. Rxf6 Rxc5 66. Ra6 Ke7 67. Kd4 Rg5 68. Kc4 Kf8 69. Ra7 Rxg6 70. Rxa5 Ke7 71. Rc5 Kd7 72. Kb5 Rg1 73. Kb6 Ra1 74. a5 Rb1+ 75. Ka7 Rb2 76. Rh5 Kc7 77. Rh7+ Kc8 78. Rh6 Kc7 79. Rb6 Ra2 80. Rb7+ Kc8 81. Rb5 Kc7 82. Rc5+ Kd7 83. a6 Rb2 84. Ka8 Rb6 85. Ka7 Rb1 86. Rd5+ Kc7 87. Rh5 Rb2 88. Rh7+ Kc8 89. Rb7 Ra2 90. Rb4 Rc2 91. Rb8+ Kc7 92. Rb7+ Kc8 93. Ka8 Rc6 94. Ka7 Rc2 95. Rb8+ Kc7 96. Rg8 Rb2 97. Ka8 Rb1 98. Rg3 Rb2 99. Rc3+ Kd7 100. Ka7 Rb1 101. Ka8 Rb2 102. a7 Rb1 103. Rh3 Kc8 104. Rh8+ Kc7 105. Rb8 Rc1 106. Rb7+ Kc8 107. Rb3 Kc7 108. Rc3+ Rxc3 1/2-1/2

[Event "MGL-ch 52nd"]
[Site "Arvaikheer"]
[Date "2012.04.08"]
[Round "11"]
[White "Tuvsanaa, Nyamaa"]
[Black "Lkhagvasuren, Tsedvee"]
[Result "0-1"]
[WhiteElo "2214"]
[BlackElo "2089"]
[PlyCount "164"]
[EventDate "2012.04.01"]
[EventType "tourn"]
[EventRounds "15"]
[EventCountry "MGL"]
[EventCategory "3"]
[SourceTitle "EXT 2013"]
[Source "ChessBase"]
[SourceDate "2012.11.22"]
[SourceVersion "1"]
[SourceVersionDate "2012.11.22"]
[SourceQuality "1"]

1. d4 Nf6 2. c4 e6 3. Nf3 b6 4. g3 Ba6 5. Qa4 Be7 6. Bg2 0-0 7. 0-0 c6 8. Nc3 d5 9. Ne5 Bb7 10. Rd1 Nfd7 11. Nxd7 Nxd7 12. cxd5 cxd5 13. Bf4 a6 14. e4 dxe4 15. Bxe4 b5 16. Qb3 Bxe4 17. Nxe4 Nb6 18. Rac1 Nd5 19. Qf3 Rc8 20. Nc5 Nxf4 21. gxf4 Bd6 22. Nb7 Qb6 23. Nxd6 Qxd6 24. Qe4 g6 25. Qe5 Qd7 26. Kg2 Rfd8 27. Rc5 Qb7+ 28. f3 Rxc5 29. Qxc5 Rd5 30. Qc2 Qb8 31. Qe4 Qd6 32. Kf2 Rh5 33. Kg3 Qe7 34. Rh1 Qh4+ 35. Kg2 Qh3+ 36. Kf2 Kg7 37. b4 Qh4+ 38. Ke3 Qe7 39. a3 Qc7 40. Kf2 Rf5 41. Rd1 Qd8 42. Kg3 Rh5 43. Kg2 Qh4 44. Rh1 Qh3+ 45. Kf2 Rf5 46. Ke3 Qg2 47. Qb1 h6 48. h4 Qg3 49. Qe4 h5 50. Rc1 Qxh4 51. Rc8 Qe1+ 52. Kd3 Qd1+ 53. Ke3 Rd5 54. Rc5 Qb3+ 55. Kf2 Qb2+ 56. Kg3 Qxd4 57. Qxd4+ Rxd4 58. Rc6 a5 59. bxa5 Ra4 60. a6 Rxa3 61. Rb6 b4 62. Rxb4 Rxa6 63. Rc4 Ra2 64. Rc5 Re2 65. Ra5 Kf6 66. Rb5 e5 67. fxe5+ Rxe5 68. Rb4 Re6 69. Ra4 Rb6 70. Rc4 Rb3 71. Rc6+ Kg5 72. Rc4 h4+ 73. Kg2 Rb2+ 74. Kh3 Rf2 75. Rc3 Kf4 76. Rc4+ Kxf3 77. Kxh4 Rh2+ 78. Kg5 Rh5+ 79. Kf6 Rf5+ 80. Kg7 g5 81. Rc3+ Kg2 82. Kh6 g4 0-1